Sexo, trabajo y marginalidad urbana /
Estudio sobre el impacto económico y social que tiene el trabajo económicamente remunerado para las mujeres casadas de una zona marginada del oriente de la ciudad de México, Ciudad Nezahualcóyotl.
Gardado en:
| Autor Principal: | |
|---|---|
| Formato: | Libro |
| Idioma: | Lingua castelá |
| Publicado: |
México :
Edicol,
1981, c1981
|
| Series: | (Estudios Sociales Edicol)
|
| Temas: | |
| Etiquetas: |
Sen Etiquetas, Sexa o primeiro en etiquetar este rexistro!
|
MARC
| LEADER | 00000nam^a2200000^a^4500 | ||
|---|---|---|---|
| 001 | 000391235 | ||
| 005 | 20250521000000.0 | ||
| 009 | 20260310121210.295 | ||
| 020 | |a 968-408-084-0 | ||
| 037 | |a Acervo Xavier Clavigero | ||
| 041 | |a ESP | ||
| 082 | |a 331. 43097252 |b ALO | ||
| 100 | |a Alonso, José Antonio |e (autor) | ||
| 245 | 1 | 0 | |a Sexo, trabajo y marginalidad urbana / |c J.A. Alonso. |
| 264 | 4 | |a México : |b Edicol, |c 1981, c1981 | |
| 300 | |a 117 p. | ||
| 336 | |a texto |b txt |2 rdacontenido | ||
| 337 | |a sin mediación |b n |2 rdamedio | ||
| 338 | |a volumen |b nc |2 rdasoporte | ||
| 440 | 1 | |a (Estudios Sociales Edicol) | |
| 520 | |a Estudio sobre el impacto económico y social que tiene el trabajo económicamente remunerado para las mujeres casadas de una zona marginada del oriente de la ciudad de México, Ciudad Nezahualcóyotl. | ||
| 649 | |a XX | ||
| 650 | |a Mujeres - |z Nezahualcóyotl, México (Estado) - |x Condiciones Sociales y Culturales - |x Tema Principal | ||
| 650 | |a Mujeres - |z Nezahualcóyotl, México (Estado) - |x Condiciones Laborales | ||
| 650 | |a Mujeres - |z Nezahualcóyotl, México (Estado) - |x Condiciones Económicas - |x Tema Principal | ||
| 650 | |a Zonas Marginadas - |z Nezahualcóyotl, México (Estado) | ||
| 650 | |a Igualdad y Desigualdad - |z Nezahualcóyotl, México (Estado) - |x Tema Principal | ||
| 650 | |a Marginación - |z Nezahualcóyotl, México (Estado) | ||
| 650 | |a Discriminación de Género - |z Nezahualcóyotl, México (Estado) | ||
| 650 | |a Problemas Sociales - |z Nezahualcóyotl, México (Estado) | ||
| 650 | |a Desarrollo Económico-Social - |z Nezahualcóyotl, México (Estado) | ||
| 650 | |a Organización Social - |z Nezahualcóyotl, México (Estado) | ||
| 650 | |a Género - |z Nezahualcóyotl, México (Estado) | ||
| 650 | |a Sociología de la Economía | ||
| 650 | |a Sociología Urbana | ||
| 650 | |a Nezahualcóyotl, México (Estado) - |x Condiciones Sociales y Culturales | ||
| 650 | |a Nezahualcóyotl, México (Estado) - |x Condiciones Económicas | ||
| 910 | |a Fondo General | ||
| 920 | |a Impresos - Libros | ||
| 930 | |a Colección General | ||
| 905 | |a 101 | ||
| 901 | |a 0500286136 |b IT1 |c ACC |i FXC D2490 |u 20250521 | ||
| 902 | |a https://opac.biblio.iteso.mx/vufind/Record/000391235 | ||